000 00636nam a2200277Ia 4500
005 20260324142357.0
008 008 260324s9999 xx 000 0 eng d
020 _a9781351259484
037 _aEBOOK
040 _aCRL
040 _beng
040 _cCRL
041 _2eng
041 _aeng
084 _qCRL
100 _aJanet Todd
_91121318
245 4 _aThe Works of Aphra Behn: v. 1: Poetry
260 _bTaylor and Francis
260 _c1995
365 _a
365 _b180
856 _uhttp://www.taylorfrancis.com/books/9781351259484
942 _cEBOOK
999 _c1815839
_d1815839